000 00597nam a2200193 i 4500
001 142939
003 ES-MaACL
005 20250815111924.0
007 t|
008 071011s1979 sp ||||1| spa d
100 1 _aVicente Pérez, Santiago.
_9114369
245 1 0 _aQuímica de las disoluciones
_b: diagramas y cálculos gráficos /
_cSantiago Vicente Pérez.
250 _a[1ª ed.].
260 _aMadrid :
_bAlhambra,
_c1979.
300 _aXIII, 394 p. :
_bil. ;
_c24 cm.
650 7 _aQuímica cuántica
_2embne
_916632
852 _aES-MaACL
_jA-10546
_bR.99769
999 _c142939
_d142939